Countries from Yakko's World Quiz Stats

 Plays Quiz not verified by Sporcle

Challenge
Share
Tweet
Embed
Score 0/160 Timer 05:00
0 Plays Today
% Correct
United States
93.3%
Canada
93.3%
Mexico
93.3%
Panama
90%
Peru
90%
Haiti
86.7%
Jamaica
86.7%
Cuba
83.3%
El Salvador too
83.3%
Republic Dominican
80%
Venezuela
80%
and Ecuador
80%
Columbia
76.7%
then Argentina
76.7%
Greenland
73.3%
Puerto Rico
73.3%
Honduras
73.3%
Guatemala
73.3%
Bolivia
73.3%
Chile
73.3%
Brazil
73.3%
and Germany now in one piece
73.3%
Italy
73.3%
Turkey
73.3%
and Greece
73.3%
Scotland
73.3%
Guyana and still
70%
Norway
70%
and Sweden
70%
Ireland
70%
Oman
70%
Caribbean
70%
and Iceland
66.7%
and Finland
66.7%
Poland
66.7%
Russia
66.7%
Austria
63.3%
Romania
63.3%
England
63.3%
and Spain
63.3%
Costa Rica
60%
Belize
60%
Nicaragua
60%
Paraguay
60%
Uruguay
60%
Switzerland
60%
Czechoslovakia
60%
both Yemens
60%
Suriname and
56.7%
Albania
56.7%
France
56.7%
Denmark
56.7%
Bahamas
53.3%
and Guam
53.3%
% Correct
Israel
53.3%
and China
53.3%
Laos
53.3%
Barbados
50%
Bulgaria
50%
Iraq
50%
and Iran
50%
India
50%
Burma
50%
Japan
50%
and Vietnam
50%
Bermuda
46.7%
French Guiana
46.7%
Hungary
46.7%
Cyprus
46.7%
Lebanon
46.7%
Jordan
46.7%
Kuwait
46.7%
Luxembourg
46.7%
and Portugal
46.7%
Korea
46.7%
Indonesia
46.7%
Morocco
46.7%
Tobago
43.3%
There's Syria
43.3%
the Netherlands
43.3%
Pakistan
43.3%
Afghanistan
43.3%
Nepal
43.3%
Malaysia
43.3%
San Juan
43.3%
and Bahrain
40%
Belgium
40%
Thailand
40%
Mongolia
40%
the Philippine Islands
40%
Taiwan
40%
New Zealand
40%
and Bhutan
36.7%
Sri Lanka
36.7%
the Borneo
36.7%
Tunisia
36.7%
Egypt
36.7%
Australia
36.7%
Sudan
36.7%
then Bangladesh
33.3%
Asia
33.3%
Angola
33.3%
Niger
33.3%
Chad
33.3%
Ethiopia
33.3%
and Tibet
30%
Uganda
30%
Zimbabwe
30%
% Correct
Togo
30%
Nigeria
30%
and Mali
30%
Congo
30%
Zaire
30%
Kampuchea
26.7%
New Guinea
26.7%
Sumatra
26.7%
Swaziland
26.7%
Ghana
26.7%
and Malawi
26.7%
and Liberia
26.7%
Benin
26.7%
and Gabon
26.7%
Tanzania
26.7%
Somalia
26.7%
Kenya
26.7%
Madagascar
26.7%
then Transylvania
26.7%
Malta
26.7%
Mozambique
23.3%
Zambia
23.3%
Guinea
23.3%
Algeria
23.3%
Lesotho
23.3%
Libya
23.3%
Guinea-Bissau
23.3%
Qatar
23.3%
Mauritania
23.3%
Monaco
23.3%
Liechtenstein
23.3%
Fiji
23.3%
Botswana
20%
the Spanish Sahara is gone
20%
Sierra Leone
20%
Namibia
20%
Cameroon
20%
Rwanda
20%
Yugoslavia
20%
Gambia
16.7%
Burundi
16.7%
Dahomey
16.7%
Senegal
16.7%
Hong Kong
16.7%
Crete
16.7%
and Palestine
16.7%
Saudia Arabia
13.3%
and Algier
13.3%
Abu Dhabi
13.3%
Mahore
10%
and Cayman
10%
Dijbouti
3.3%

You're not logged in!

Compare scores with friends on all Sporcle quizzes.
OR
Log In

You Might Also Like...

Show Comments

Extras

Top Quizzes Today


Score Distribution

Your Account Isn't Verified!

In order to create a playlist on Sporcle, you need to verify the email address you used during registration. Go to your Sporcle Settings to finish the process.

Report this User

Report this user for behavior that violates our Community Guidelines.

Details: